[Event "Arvier Amatori op 5th"]
[Site "Arvier"]
[Date "2015.01.04"]
[Round "4"]
[White "Yeuillaz, Corrado"]
[Black "Baloire, Endy"]
[Result "1-0"]
[WhiteElo "2221"]
[BlackElo "1960"]
[PlyCount "67"]
[EventDate "2015.01.02"]
[EventType "swiss"]
[EventRounds "5"]
[EventCountry "ITA"]
[SourceTitle "EXT 2017"]
[Source "ChessBase"]
[SourceDate "2016.10.25"]
[SourceVersion "1"]
[SourceVersionDate "2016.10.25"]
[SourceQuality "1"]

1. e4 c6 2. d4 d5 3. Nc3 dxe4 4. Nxe4 Nd7 5. Nf3 Ngf6 6. Nxf6+ Nxf6 7. Bc4 e6 8. 0-0 Qc7 9. Qe2 Be7 10. Ne5 0-0 11. Bf4 Bd6 12. Bg3 b5 13. Bd3 a6 14. c4 bxc4 15. Bxc4 c5 16. Rac1 Qb6 17. Bd3 Qa7 18. Nc6 Qc7 19. Bxd6 Qxd6 20. Rxc5 Bb7 21. Qe5 Qd7 22. Na5 Bd5 23. b3 Rfc8 24. Rfc1 Qd8 25. Rxc8 Rxc8 26. Rxc8 Qxc8 27. Bxa6 Qa8 28. Bf1 h6 29. Qc7 Ne4 30. f3 Nd6 31. Bd3 g6 32. a4 Bxf3 33. Qxd6 Bxg2 34. Nc4 1-0

[Event "Arvier Amatori op 4th"]
[Site "Arvier"]
[Date "2014.01.04"]
[Round "4"]
[White "Yeuillaz, Corrado"]
[Black "Boschetti, Claudio"]
[Result "1-0"]
[WhiteElo "2211"]
[BlackElo "2105"]
[PlyCount "77"]
[EventDate "2014.01.02"]
[EventType "swiss"]
[EventRounds "5"]
[EventCountry "ITA"]
[SourceTitle "EXT 2015"]
[Source "ChessBase"]
[SourceDate "2014.11.20"]
[SourceVersion "1"]
[SourceVersionDate "2014.11.20"]
[SourceQuality "1"]

1. e4 e5 2. Nf3 Nc6 3. Bb5 a6 4. Ba4 Nf6 5. 0-0 Be7 6. Re1 b5 7. Bb3 0-0 8. d3 d6 9. c3 Na5 10. Bc2 c5 11. Nbd2 Nc6 12. Nf1 Re8 13. h3 h6 14. Ng3 Bf8 15. d4 g6 16. Be3 Kh7 17. d5 Nb8 18. b4 Nbd7 19. a4 Bb7 20. Qe2 c4 21. Ra3 Qc7 22. Rea1 Bg7 23. Qd1 a5 24. axb5 axb4 25. cxb4 Nb6 26. Rxa8 Rxa8 27. Bxb6 Qxb6 28. Rxa8 Bxa8 29. Qa1 Bb7 30. Qa5 Nd7 31. Ne2 Bc8 32. Nd2 c3 33. Nc4 Qb8 34. b6 Bf8 35. Ba4 Nxb6 36. Qxb6 Qa8 37. Na5 Ba6 38. Bc6 Bxe2 39. Bxa8 1-0

[Event "ITA-chT A1.1"]
[Site "Arvier"]
[Date "2013.03.16"]
[Round "3"]
[White "Yeuillaz, Corrado"]
[Black "Genocchio, Daniele"]
[Result "0-1"]
[WhiteElo "2223"]
[BlackElo "2413"]
[PlyCount "122"]
[EventDate "2013.03.15"]
[EventType "team"]
[EventRounds "5"]
[EventCountry "ITA"]
[SourceTitle "EXT 2014"]
[Source "ChessBase"]
[SourceDate "2013.11.20"]
[SourceVersion "1"]
[SourceVersionDate "2013.11.20"]
[SourceQuality "1"]

1. e4 c5 2. Nf3 Nc6 3. d4 cxd4 4. Nxd4 Nf6 5. Nc3 e5 6. Ndb5 d6 7. Nd5 Nxd5 8. exd5 Nb8 9. c4 Be7 10. Be2 0-0 11. 0-0 Nd7 12. Kh1 a6 13. Nc3 f5 14. f4 Bf6 15. Qc2 Qe7 16. Bd2 exf4 17. Rae1 Bh4 18. Rc1 g5 19. Bd3 Ne5 20. Ne2 f3 21. gxf3 f4 22. Be4 Bh3 23. Rfd1 Rac8 24. Qb3 Bf2 25. Rc2 Ba7 26. Bb4 Ng4 27. Ng1 Nf6 28. Nxh3 Nxe4 29. Rg2 h6 30. Re1 Be3 31. fxe4 f3 32. Rf2 Bxf2 33. Nxf2 Rf4 34. Qd3 Qf6 35. Bc3 Qf7 36. Qd4 Kh7 37. Rg1 Rg8 38. Bd2 Rh4 39. Rg3 Re8 40. Qd3 Rf8 41. b3 Kg8 42. Bb4 Qf4 43. Kg1 Qc1+ 44. Qf1 Qf4 45. Qe1 b5 46. Bd2 Qf7 47. Qc1 Kh7 48. c5 dxc5 49. Qxc5 Rd8 50. d6 Qe6 51. Bxg5 Rh5 52. Qc7+ Rd7 53. Qc2 Rxg5 54. Rxg5 hxg5 55. e5+ Kg7 56. Qe4 Rf7 57. h3 Rf4 58. Qe3 Rf5 59. Ng4 f2+ 60. Kf1 Qd5 61. Nxf2 Qxe5 0-1

[Event "Arvier Amatori op 3rd"]
[Site "Arvier"]
[Date "2013.01.06"]
[Round "7"]
[White "Marguerettaz, Davy"]
[Black "Yeuillaz, Corrado"]
[Result "1/2-1/2"]
[WhiteElo "2199"]
[BlackElo "2239"]
[PlyCount "73"]
[EventDate "2013.01.02"]
[EventType "swiss"]
[EventRounds "7"]
[EventCountry "ITA"]
[SourceTitle "EXT 2014"]
[Source "ChessBase"]
[SourceDate "2013.11.20"]
[SourceVersion "1"]
[SourceVersionDate "2013.11.20"]
[SourceQuality "1"]

1. d4 Nf6 2. c4 g6 3. Nc3 Bg7 4. e4 d6 5. Nf3 0-0 6. Be2 e5 7. 0-0 Nc6 8. d5 Ne7 9. Ne1 Nd7 10. Be3 f5 11. f3 f4 12. Bf2 g5 13. a4 a5 14. Nd3 Ng6 15. c5 dxc5 16. Nxc5 Nxc5 17. Bxc5 Rf6 18. Qb3 Kh8 19. Rac1 Nf8 20. Nb5 Nd7 21. Bf2 c6 22. Na7 c5 23. Nxc8 Rxc8 24. Bb5 b6 25. d6 Rxd6 26. Rfd1 Nb8 27. Rxd6 Qxd6 28. Rd1 Qe7 29. Qd5 Bf6 30. Be1 Rd8 31. Qxd8+ Qxd8 32. Rxd8+ Bxd8 33. Bc3 Bf6 34. Kf1 Kg7 35. Ke2 Kf7 36. Kd3 Ke7 37. Kc4 1/2-1/2

[Event "Arvier Amatori op 2nd"]
[Site "Arvier"]
[Date "2012.01.02"]
[Round "1"]
[White "Doromeychuk, Anton"]
[Black "Yeuillaz, Corrado"]
[Result "0-1"]
[WhiteElo "1708"]
[BlackElo "2221"]
[PlyCount "68"]
[EventDate "2012.01.02"]
[EventType "swiss"]
[EventRounds "7"]
[EventCountry "ITA"]
[SourceTitle "EXT 2014"]
[Source "ChessBase"]
[SourceDate "2013.11.20"]
[SourceVersion "1"]
[SourceVersionDate "2013.11.20"]
[SourceQuality "1"]

1. c4 e5 2. g3 g6 3. Bg2 Bg7 4. e3 Nf6 5. Nc3 0-0 6. Nge2 d6 7. 0-0 c6 8. d4 Re8 9. b3 e4 10. f3 exf3 11. Bxf3 Bh3 12. Re1 Bg4 13. Nf4 Bxf3 14. Qxf3 Nbd7 15. Bb2 h5 16. e4 Nh7 17. Rad1 a6 18. h4 b5 19. Ba3 Qb8 20. Nce2 Nhf6 21. e5 dxe5 22. Nh3 bxc4 23. bxc4 e4 24. Qf4 Qxf4 25. Nhxf4 Ng4 26. Nc3 c5 27. Nxe4 Bxd4+ 28. Kf1 Ne3+ 29. Rxe3 Bxe3 30. Rxd7 Rxe4 31. Nd5 Bd4 32. Bxc5 Ba1 33. Ne7+ Kg7 34. Nf5+ gxf5 0-1

[Event "Arvier Amatori op 1st"]
[Site "Arvier"]
[Date "2011.01.07"]
[Round "5"]
[White "Yeuillaz, Corrado"]
[Black "Cattaneo, Roger"]
[Result "1-0"]
[WhiteElo "2235"]
[BlackElo "1768"]
[PlyCount "73"]
[EventDate "2011.01.03"]
[EventType "swiss"]
[EventRounds "7"]
[EventCountry "ITA"]
[SourceTitle "EXT 2012"]
[Source "ChessBase"]
[SourceDate "2011.11.24"]
[SourceVersion "1"]
[SourceVersionDate "2011.11.24"]
[SourceQuality "1"]

1. e4 e5 2. Nf3 Nc6 3. Bb5 Nd4 4. Nxd4 exd4 5. 0-0 Bc5 6. d3 Ne7 7. c3 c6 8. Ba4 b5 9. Bb3 0-0 10. Qh5 d5 11. Nd2 Qd6 12. cxd4 Bxd4 13. Nf3 dxe4 14. dxe4 Bb6 15. Bg5 Ng6 16. Rad1 Qb4 17. Bd2 Qxe4 18. Qxh7+ Kxh7 19. Ng5+ Kh8 20. Nxe4 Bf5 21. Nd6 Bg4 22. Rc1 Ne5 23. Bc3 Nd3 24. Rc2 Be6 25. Bxe6 fxe6 26. Ne4 b4 27. Be1 Rf4 28. Ng5 Raf8 29. Nxe6 Re8 30. Nxf4 Nxe1 31. Rc1 Re4 32. Ng6+ Kh7 33. Rfxe1 Rxe1+ 34. Rxe1 Kxg6 35. Re6+ Kf5 36. Rxc6 Ke4 37. Rc4+ 1-0

[Event "Arvier Amatori op 1st"]
[Site "Arvier"]
[Date "2011.01.05"]
[Round "3"]
[White "Yeuillaz, Corrado"]
[Black "Ranieri, Fabrizio"]
[Result "1/2-1/2"]
[WhiteElo "2235"]
[BlackElo "2279"]
[PlyCount "36"]
[EventDate "2011.01.03"]
[EventType "swiss"]
[EventRounds "7"]
[EventCountry "ITA"]
[SourceTitle "EXT 2012"]
[Source "ChessBase"]
[SourceDate "2011.11.24"]
[SourceVersion "1"]
[SourceVersionDate "2011.11.24"]
[SourceQuality "1"]

1. d4 e6 2. c4 d5 3. Nc3 Nf6 4. Nf3 Nbd7 5. e3 c6 6. Bd3 Bd6 7. 0-0 0-0 8. b3 a6 9. Bb2 e5 10. cxd5 cxd5 11. dxe5 Nxe5 12. Be2 Be6 13. Na4 Qc7 14. h3 Nxf3+ 15. Bxf3 Be5 16. Rc1 Qd6 17. Bxe5 Qxe5 18. Qd4 Qg5 1/2-1/2

[Event "EU Union-ch 6th"]
[Site "Arvier"]
[Date "2010.09.08"]
[Round "5"]
[White "Yeuillaz, Corrado"]
[Black "Valenti, Giuseppe"]
[Result "1-0"]
[WhiteElo "2227"]
[BlackElo "2162"]
[PlyCount "49"]
[EventDate "2010.09.04"]
[EventType "swiss"]
[EventRounds "9"]
[EventCountry "ITA"]
[SourceTitle "CBM 138 Extra"]
[Source "ChessBase"]
[SourceDate "2010.10.29"]
[SourceVersion "1"]
[SourceVersionDate "2010.10.29"]
[SourceQuality "1"]

1. e4 c5 2. Nf3 e6 3. d4 cxd4 4. Nxd4 a6 5. Nc3 Qc7 6. a3 Nf6 7. g3 Be7 8. Bg2 d6 9. 0-0 Bd7 10. Qe2 Nc6 11. Be3 Ne5 12. Rfd1 0-0 13. Kh1 Rac8 14. f4 Nc4 15. Bc1 b5 16. Rd3 Rfd8 17. b3 Nb6 18. g4 Be8 19. g5 Nfd7 20. Bb2 g6 21. Rh3 e5 22. Nf5 gxf5 23. Qh5 Nf8 24. exf5 Bc6 25. Rg1 1-0

[Event "EU Union-ch 6th"]
[Site "Arvier"]
[Date "2010.09.07"]
[Round "4"]
[White "Fox, Anthony"]
[Black "Yeuillaz, Corrado"]
[Result "1/2-1/2"]
[WhiteElo "2130"]
[BlackElo "2227"]
[PlyCount "57"]
[EventDate "2010.09.04"]
[EventType "swiss"]
[EventRounds "9"]
[EventCountry "ITA"]
[SourceTitle "CBM 138 Extra"]
[Source "ChessBase"]
[SourceDate "2010.10.29"]
[SourceVersion "1"]
[SourceVersionDate "2010.10.29"]
[SourceQuality "1"]

1. e4 d5 2. exd5 Qxd5 3. Nc3 Qd6 4. d4 Nf6 5. Nf3 Bg4 6. h3 Bxf3 7. Qxf3 c6 8. Be3 e6 9. 0-0-0 Qc7 10. Bc4 Nbd7 11. Bf4 Bd6 12. Bxd6 Qxd6 13. Ne4 Nxe4 14. Qxe4 Nf6 15. Qe5 0-0-0 16. Rhe1 Qf8 17. Qa5 Kb8 18. Re3 b6 19. Qe5+ Qd6 20. c3 Qc7 21. Qg5 Rhg8 22. Bb3 h6 23. Qe5 Rd7 24. Qxc7+ Kxc7 25. Rde1 Nd5 26. Bxd5 cxd5 27. g4 Kd6 28. f4 Re7 29. Kd2 1/2-1/2

[Event "EU Union-ch 6th"]
[Site "Arvier"]
[Date "2010.09.06"]
[Round "3"]
[White "Yeuillaz, Corrado"]
[Black "Llanes Hurtado, Miguel"]
[Result "1/2-1/2"]
[WhiteElo "2227"]
[BlackElo "2474"]
[PlyCount "84"]
[EventDate "2010.09.04"]
[EventType "swiss"]
[EventRounds "9"]
[EventCountry "ITA"]
[SourceTitle "CBM 138 Extra"]
[Source "ChessBase"]
[SourceDate "2010.10.29"]
[SourceVersion "1"]
[SourceVersionDate "2010.10.29"]
[SourceQuality "1"]

1. e4 c5 2. Nf3 Nc6 3. d4 cxd4 4. Nxd4 g6 5. Be3 Nf6 6. Nc3 Bg7 7. Be2 0-0 8. 0-0 d5 9. exd5 Nb4 10. Qd2 Nbxd5 11. Nxd5 Nxd5 12. Bh6 e5 13. Bxg7 Kxg7 14. Nf3 Nf4 15. Qe3 Nxe2+ 16. Qxe2 f6 17. Rfd1 Qc7 18. h3 Bd7 19. c4 Rad8 20. Qe3 b6 21. Rac1 Be6 22. b3 Bf7 23. Nh2 h5 24. Nf1 Rd7 25. Rxd7 Qxd7 26. Rc2 Rd8 27. Rd2 Qc7 28. Qc3 Rxd2 29. Qxd2 Be6 30. Ne3 Qd7 31. Qb4 Kf7 32. a4 Qc7 33. Qd2 Qd7 34. Qe1 a6 35. Qc3 Qd4 36. Qc2 Qa1+ 37. Nf1 Bf5 38. Qd2 Qb1 39. Qd5+ Kg7 40. Qd8 Be6 41. Qxb6 Bxc4 42. Qc7+ Bf7 1/2-1/2

[Event "Arvier op"]
[Site "Arvier"]
[Date "2010.07.06"]
[Round "5"]
[White "Astengo, Marcello"]
[Black "Yeuillaz, Corrado"]
[Result "0-1"]
[WhiteElo "2104"]
[BlackElo "2199"]
[PlyCount "90"]
[EventDate "2010.07.03"]
[EventType "swiss"]
[EventRounds "9"]
[EventCountry "ITA"]
[SourceTitle "CBM 137 Extra"]
[Source "ChessBase"]
[SourceDate "2010.09.01"]
[SourceVersion "1"]
[SourceVersionDate "2010.09.01"]
[SourceQuality "1"]

1. d4 g6 2. e4 Bg7 3. Be3 d6 4. Nd2 Nf6 5. Be2 c6 6. h3 Nbd7 7. Ngf3 0-0 8. 0-0 e5 9. dxe5 dxe5 10. c3 Qe7 11. Qc2 h6 12. Rad1 Ne8 13. Nb3 b6 14. Nh2 Ndf6 15. Rd2 Kh7 16. Rfd1 Bb7 17. f3 Nc7 18. Bf2 Rad8 19. Nf1 Nh5 20. Ne3 Nf4 21. Bf1 Bc8 22. a4 Rxd2 23. Qxd2 Be6 24. Nc1 h5 25. Kh2 Bc8 26. Qd6 Qxd6 27. Rxd6 Bb7 28. Nc4 Nfe6 29. Nd3 f6 30. Nb4 Rd8 31. Rxd8 Nxd8 32. Nd6 c5 33. Nxb7 Nxb7 34. Nc6 a5 35. Ne7 Nd6 36. Nc6 Nb7 37. Nb8 Nd6 38. Nd7 Na8 39. Bd3 Kg8 40. b4 axb4 41. cxb4 c4 42. Be2 c3 43. Nxb6 c2 44. Be3 Nxb6 45. a5 Bh6 0-1

[Event "Valle d'Aosta Region-ch"]
[Site "Sarre"]
[Date "2009.11.29"]
[Round "5"]
[White "Yeuillaz, Corrado"]
[Black "Ciuffoletti, Paolo"]
[Result "1-0"]
[WhiteElo "2200"]
[BlackElo "2190"]
[PlyCount "87"]
[EventDate "2009.11.27"]
[EventType "swiss"]
[EventRounds "5"]
[EventCountry "ITA"]
[SourceTitle "EXT 2012"]
[Source "ChessBase"]
[SourceDate "2011.11.24"]
[SourceVersion "1"]
[SourceVersionDate "2011.11.24"]
[SourceQuality "1"]

1. d4 d5 2. c4 c6 3. Nc3 Nf6 4. e3 a6 5. Nf3 b5 6. cxd5 cxd5 7. Bd3 e6 8. 0-0 Bd6 9. e4 dxe4 10. Nxe4 Be7 11. Bf4 Bb7 12. Qe2 0-0 13. Rfd1 Nbd7 14. Nc5 Bd5 15. b4 Bxf3 16. Qxf3 Nd5 17. Qh3 N7f6 18. Be5 h6 19. a3 Bxc5 20. dxc5 Nd7 21. Bd6 Re8 22. Qf3 Qg5 23. g3 Ne5 24. Bxe5 Qxe5 25. Be4 Rad8 26. Bxd5 exd5 27. Ra2 Re7 28. Rad2 Red7 29. Rd4 Qe6 30. Kg2 g6 31. h3 Kg7 32. R1d3 Qf6 33. Qd1 Qe6 34. Re3 Qf6 35. Rf4 Qb2 36. Rd4 h5 37. Red3 Qa2 38. Qe1 Qb2 39. Qe5+ Kh7 40. Qf6 Re8 41. Qf3 Re5 42. Rxd5 Rf5 43. Rxd7 Rxf3 44. Rxf3 1-0

[Event "Valle d'Aosta Region-ch"]
[Site "Sarre"]
[Date "2009.11.27"]
[Round "1"]
[White "Yeuillaz, Corrado"]
[Black "Belabbas, Abdellah"]
[Result "1-0"]
[WhiteElo "2200"]
[BlackElo "1879"]
[PlyCount "53"]
[EventDate "2009.11.27"]
[EventType "swiss"]
[EventRounds "5"]
[EventCountry "ITA"]
[SourceTitle "EXT 2012"]
[Source "ChessBase"]
[SourceDate "2011.11.24"]
[SourceVersion "1"]
[SourceVersionDate "2011.11.24"]
[SourceQuality "1"]

1. d4 Nf6 2. c4 e6 3. Nc3 Bb4 4. Bg5 d5 5. Qa4+ Nc6 6. Nf3 0-0 7. e3 Bd7 8. Qc2 h6 9. Bh4 Re8 10. a3 Bxc3+ 11. Qxc3 a5 12. Rc1 g5 13. Bg3 Ne4 14. Qc2 h5 15. h4 g4 16. Ng5 Nxg5 17. hxg5 Qxg5 18. Bf4 Qg6 19. Bd3 f5 20. cxd5 exd5 21. Qc5 Rac8 22. Qxd5+ Be6 23. Qc5 Rcd8 24. Bxc7 Rd7 25. Bf4 Nxd4 26. exd4 Bc4+ 27. Kd2 1-0

[Event "Cesenatico op 8th"]
[Site "Cesenatico"]
[Date "2003.09.01"]
[Round "2"]
[White "Yeuillaz, Corrado"]
[Black "Tomescu, Vlad"]
[Result "0-1"]
[WhiteElo "2192"]
[BlackElo "2427"]
[PlyCount "126"]
[EventDate "2003.08.31"]
[EventType "swiss"]
[EventRounds "9"]
[EventCountry "ITA"]
[SourceTitle "EXT 2024"]
[Source "ChessBase"]
[SourceDate "2023.10.10"]
[SourceVersion "1"]
[SourceVersionDate "2023.10.10"]
[SourceQuality "1"]

1. d4 Nf6 2. c4 g6 3. Nc3 d5 4. Nf3 Bg7 5. e3 0-0 6. Be2 c5 7. cxd5 Nxd5 8. 0-0 Nc6 9. Qb3 Nxc3 10. bxc3 Na5 11. Qa3 cxd4 12. cxd4 Be6 13. Qb4 Rc8 14. Ba3 Bf6 15. Ne5 h5 16. Qa4 a6 17. Bb4 Nc4 18. Nxc4 Bxc4 19. Bxc4 Rxc4 20. Rac1 Rc8 21. Rxc8 Qxc8 22. Qa3 Qd7 23. Rc1 Rc8 24. h3 Kf8 25. Bc5 Ke8 26. Rb1 e6 27. Qb4 Rc7 28. Qb3 Be7 29. Bxe7 Kxe7 30. a4 Qd5 31. Qb4+ Qd6 32. Qa5 Kd7 33. Qd2 Kc8 34. a5 Rc4 35. Qb2 Qc7 36. Qa3 Kb8 37. g3 Ka7 38. h4 Qc6 39. Ra1 Rc2 40. Qb4 Qb5 41. Qd6 Qc6 42. Qd8 Qc7 43. Qf8 Qd7 44. Qb4 Qc7 45. Qf8 Qd7 46. Qb4 Rc8 47. Qb6+ Ka8 48. Rb1 Rc4 49. Ra1 Qc7 50. Qb2 Ka7 51. Qa3 Qd7 52. Qf8 Rc7 53. Qb4 Qe7 54. Qb6+ Kb8 55. Qb3 Qd6 56. Qb2 Rc4 57. Rb1 Qd7 58. Ra1 Qb5 59. Qa3 Qb4 60. Qa2 Qc3 61. Rf1 Ka7 62. Rb1 Qc2 63. Rb2 Qd1+ 0-1

[Event "Cesenatico op 8th"]
[Site "Cesenatico"]
[Date "2003.??.??"]
[Round "8"]
[White "Muller, Michael"]
[Black "Yeuillaz, Corrado"]
[Result "0-1"]
[WhiteElo "2070"]
[BlackElo "2190"]
[PlyCount "48"]
[EventDate "2003.09.??"]
[EventType "swiss"]
[EventRounds "9"]
[EventCountry "ITA"]
[SourceTitle "EXT 2007"]
[Source "ChessBase"]
[SourceDate "2006.11.23"]
[SourceVersion "1"]
[SourceVersionDate "2006.11.23"]
[SourceQuality "1"]

1. d4 g6 2. c4 Bg7 3. Nc3 d6 4. e4 Nc6 5. Be3 e5 6. d5 Nce7 7. c5 Nf6 8. Bb5+ Bd7 9. Bxd7+ Qxd7 10. h3 0-0 11. g4 Rfd8 12. cxd6 Qxd6 13. Nf3 c6 14. dxc6 Qxc6 15. Qc2 b5 16. Nxe5 Qe6 17. f4 Nc6 18. Nxc6 Qxc6 19. 0-0 b4 20. Qa4 Qb7 21. Qb5 Qxb5 22. Nxb5 Nxe4 23. Nxa7 Rd3 24. Bb6 Rb8 0-1

[Event "Cesenatico op 8th"]
[Site "Cesenatico"]
[Date "2003.??.??"]
[Round "3"]
[White "Pircher, Karl"]
[Black "Yeuillaz, Corrado"]
[Result "1/2-1/2"]
[WhiteElo "2040"]
[BlackElo "2190"]
[PlyCount "25"]
[EventDate "2003.09.??"]
[EventType "swiss"]
[EventRounds "9"]
[EventCountry "ITA"]
[SourceTitle "EXT 2007"]
[Source "ChessBase"]
[SourceDate "2006.11.23"]
[SourceVersion "1"]
[SourceVersionDate "2006.11.23"]
[SourceQuality "1"]

1. d4 d5 2. c4 c6 3. Nc3 Nf6 4. Nf3 e6 5. Bg5 Nbd7 6. e3 Qa5 7. Nd2 Bb4 8. Qc2 dxc4 9. Bxf6 Nxf6 10. Nxc4 Qg5 11. a3 Be7 12. b4 0-0 13. g3 1/2-1/2

[Event "Valdostano op 26th"]
[Site "Saint Vincent"]
[Date "2002.10.02"]
[Round "5"]
[White "Yeuillaz, Corrado"]
[Black "Aurel, Luc"]
[Result "1/2-1/2"]
[WhiteElo "2231"]
[BlackElo "2163"]
[PlyCount "139"]
[EventDate "2002.09.28"]
[EventType "swiss"]
[EventRounds "9"]
[EventCountry "ITA"]
[SourceTitle "CBM 090 Extra"]
[Source "ChessBase"]
[SourceDate "2002.11.07"]
[SourceVersion "1"]
[SourceVersionDate "2002.11.07"]
[SourceQuality "1"]

1. e4 d6 2. d4 g6 3. Nf3 Bg7 4. Bc4 e6 5. Bb3 Ne7 6. 0-0 h6 7. Re1 Nd7 8. Nbd2 b6 9. c3 Bb7 10. Nf1 a6 11. Ng3 Ra7 12. h4 Qa8 13. Bf4 Qc8 14. Qd2 Ra8 15. Rad1 Rb8 16. Qe2 Ra8 17. Nf1 Rb8 18. N1h2 d5 19. e5 c5 20. Qd2 Ra8 21. Bc2 c4 22. Ng4 Ng8 23. Qe2 b5 24. h5 g5 25. Bc1 a5 26. Nfh2 b4 27. Bb1 Bc6 28. Rf1 Nb6 29. f4 gxf4 30. Bxf4 bxc3 31. bxc3 Kd8 32. Bg3 Be8 33. Nf6 Nxf6 34. Bh4 Kc7 35. Bxf6 Bxf6 36. Rxf6 Na4 37. Qe3 Rb8 38. Ng4 Rb2 39. Nxh6 Qb8 40. Qc1 Nxc3 41. Qxc3 Rxb1 42. Qxa5+ Qb6 43. Qxb6+ Rxb6 44. Kh2 Rb2 45. Kh3 c3 46. Rc1 c2 47. g4 Rh7 48. g5 Rxa2 49. Kh4 Kd8 50. Rf2 Ra3 51. Rcxc2 Rd3 52. Rcd2 Re3 53. Kg4 Re4+ 54. Rf4 Re1 55. Ra2 Rg1+ 56. Kh4 Rh1+ 57. Kg4 Rg1+ 58. Kh4 Rh1+ 59. Kg3 Rxh5 60. Ra8+ Kd7 61. Rg4 Rg7 62. Kf4 Rh3 63. Ra7+ Kd8 64. Rg3 Rxg3 65. Kxg3 Rxg5+ 66. Kf4 Rg1 67. Ke3 Rg6 68. Nxf7+ Bxf7 69. Rxf7 Rg3+ 70. Kd2 1/2-1/2

[Event "ITA-ch sf"]
[Site "Arvier"]
[Date "2002.06.29"]
[Round "8"]
[White "Yeuillaz, Corrado"]
[Black "Laco, Giuseppe"]
[Result "1-0"]
[WhiteElo "2231"]
[BlackElo "2149"]
[PlyCount "95"]
[EventDate "2002.06.22"]
[EventType "swiss"]
[EventRounds "9"]
[EventCountry "ITA"]
[SourceTitle "CBM 089 Extra"]
[Source "ChessBase"]
[SourceDate "2002.09.10"]
[SourceVersion "2"]
[SourceVersionDate "2002.09.10"]
[SourceQuality "1"]

1. e4 c5 2. Nf3 e6 3. d3 d5 4. Nbd2 Nc6 5. g3 Bd6 6. Bg2 Nge7 7. 0-0 0-0 8. Re1 f6 9. c3 b5 10. d4 c4 11. Nf1 Rb8 12. h4 a5 13. Bh3 dxe4 14. Rxe4 f5 15. Re1 h6 16. Qe2 Nd5 17. a4 b4 18. Qxc4 Qb6 19. Ne3 Nce7 20. Nxd5 Nxd5 21. Qd3 bxc3 22. bxc3 Qb3 23. Bd2 Nb4 24. Qe2 Nc2 25. Reb1 Nxa1 26. Rxb3 Nxb3 27. Be3 Bd7 28. Bg2 Rfe8 29. Qa2 Rec8 30. Qc2 Bxa4 31. Nd2 Bb4 32. Qa2 Bxc3 33. Qxa4 Nxd2 34. Qd7 Re8 35. d5 Rbd8 36. Qc7 Rc8 37. Qf4 Rc4 38. Qd6 e5 39. Qg6 Rf8 40. Bxh6 Rg4 41. Qe6+ Kh7 42. Bxd2 Bxd2 43. d6 Rd4 44. Bh3 Rf6 45. Bxf5+ Kh6 46. Qc8 Rxf5 47. Qxf5 Rxd6 48. g4 1-0

[Event "ITA-ch sf"]
[Site "Arvier"]
[Date "2002.06.27"]
[Round "6"]
[White "Yeuillaz, Corrado"]
[Black "Carcangiu, Vittorio"]
[Result "1-0"]
[WhiteElo "2231"]
[BlackElo "1753"]
[PlyCount "47"]
[EventDate "2002.06.22"]
[EventType "swiss"]
[EventRounds "9"]
[EventCountry "ITA"]
[SourceTitle "CBM 089 Extra"]
[Source "ChessBase"]
[SourceDate "2002.09.10"]
[SourceVersion "2"]
[SourceVersionDate "2002.09.10"]
[SourceQuality "1"]

1. e4 c5 2. Nf3 d6 3. d4 cxd4 4. Nxd4 Nf6 5. Nc3 a6 6. a4 e6 7. Bd3 Be7 8. 0-0 0-0 9. Kh1 Nbd7 10. Be3 Nc5 11. f4 Qc7 12. a5 Bd7 13. Qe2 Rac8 14. Bd2 Nxd3 15. cxd3 e5 16. fxe5 dxe5 17. Nf5 Rfe8 18. Nxe7+ Rxe7 19. Rxf6 gxf6 20. Nd5 Qd8 21. Nxf6+ Kg7 22. Qh5 Bf5 23. Qh6+ Kh8 24. exf5 1-0

[Event "Valdostano-ch op 25th"]
[Site "Saint Vincent"]
[Date "2001.09.22"]
[Round "8"]
[White "Aurel, Luc"]
[Black "Yeuillaz, Corrado"]
[Result "1/2-1/2"]
[WhiteElo "2212"]
[BlackElo "2249"]
[PlyCount "57"]
[EventDate "2001.09.15"]
[EventType "swiss"]
[EventRounds "9"]
[EventCountry "ITA"]
[SourceTitle "EXT 2002"]
[Source "ChessBase"]
[SourceDate "2001.11.25"]
[SourceVersion "1"]
[SourceVersionDate "2001.11.25"]
[SourceQuality "1"]

1. e4 d5 2. exd5 Qxd5 3. Nc3 Qd6 4. g3 Nf6 5. Bg2 c6 6. d3 e6 7. Nf3 Nbd7 8. 0-0 Qc7 9. Bf4 Bd6 10. Bxd6 Qxd6 11. Qe2 0-0 12. d4 Rd8 13. a3 Nf8 14. Rad1 Bd7 15. Ne5 Rac8 16. Rfe1 Qc7 17. h4 Be8 18. Kh1 b6 19. f4 Nd5 20. Ne4 Ne7 21. c3 Nf5 22. Kh2 Nd6 23. Qf2 Nxe4 24. Bxe4 f6 25. Nd3 c5 26. dxc5 bxc5 27. f5 e5 28. g4 a5 29. Qg3 1/2-1/2